Pre-commitment and flexibility. Applications to oligopoly theory.
Analýza úlohy predbežných dohôd v priemyselných organizáciách. Predbežná dohoda ako významná súčasť reálnej obchodnej stratégie. Rizikovosť predbežných dohôd. Výhody flexibility a výhody predbežných dohôd. Vplyv vonkajšieho prostredia a jeho význam.
Enregistré dans:
| Auteur principal: | |
|---|---|
| Autres auteurs: | |
| Format: | Chapitre de livre |
| Langue: | anglais |
| Sujets: | |
| Tags: |
Pas de tags, Soyez le premier à ajouter un tag!
|
MARC
| LEADER | 00000naa a2200000 4500 | ||
|---|---|---|---|
| 001 | r011893 | ||
| 005 | 20221130112829.2 | ||
| 041 | 0 | |a eng | |
| 044 | |a NL | ||
| 245 | 1 | 0 | |a Pre-commitment and flexibility. |b Applications to oligopoly theory. |c B.J. Spencer, J.A. Brander |
| 520 | |a Analýza úlohy predbežných dohôd v priemyselných organizáciách. Predbežná dohoda ako významná súčasť reálnej obchodnej stratégie. Rizikovosť predbežných dohôd. Výhody flexibility a výhody predbežných dohôd. Vplyv vonkajšieho prostredia a jeho význam. | ||
| 610 | 2 | 0 | |a pružnosť |
| 610 | 2 | 0 | |a oligopoly |
| 610 | 2 | 0 | |a stratégia podniková |
| 610 | 2 | 0 | |a rozhodovanie za neurčitosti |
| 610 | 2 | 0 | |a dohody obchodné |
| 610 | 2 | 0 | |a kapitál |
| 610 | 2 | 0 | |a modely |
| 100 | 1 | |a Spencer, B.J. | |
| 700 | 1 | |a Brander, J.A. | |